Missing Word: Goosebumps Books Quiz Stats

 Plays Quiz Updated Oct 17, 2017

Score 0/20 Timer 05:00
0 Plays Today
Title Missing Word % Correct
Welcome to ______ HouseDead
81.2%
The Abominable ______ of Pasadena Snowman
71.5%
Say ______ and Die!Cheese
69.3%
How to ______ a MonsterKill
64.8%
______ Blood IIIMonster
62.2%
Go Eat ______!Worms
61.6%
You Can't ______ Me!Scare
60.7%
Stay out of the ______Basement
60.1%
The Cuckoo Clock of ______Doom
58.8%
______ Lessons can be MurderPiano
54.6%
Title Missing Word % Correct
Night of the Living ______ IIDummy
53.2%
The ______ MaskHaunted
50.6%
The ______ Walks at MidnightScarecrow
41.2%
Why I'm Afraid of ______Bees
39.8%
Welcome to Camp ______Nightmare
39.5%
______ SkinWerewolf
38.2%
The Curse of Camp Cold ______Lake
37.7%
One Day at ______Horrorland
36.3%
Let's Get ______!Invisible
36.2%
______ Monsters from MarsEgg
35.3%

Today's Daily Dose

You're not logged in!

Compare scores with friends on all Sporcle quizzes.
OR
Log In

Show Comments

Extras

Top Quizzes Today


Score Distribution

Your Account Isn't Verified!

In order to create a playlist on Sporcle, you need to verify the email address you used during registration. Go to your Sporcle Settings to finish the process.

Report this User

Report this user for behavior that violates our Community Guidelines.

Details: